Statistics for New Zealand Rugby All Blacks - Top Point Scorer against each opponent

Click here to take the quiz!

General Stats

  • This quiz has been taken 128 times
    (49 since last reset)
  • The average score is 14 of 19

Answer Stats

OpponentPointsPlayer% Correct
Wales162Daniel Carter
100%
France163Daniel Carter
100%
South Africa245Daniel Carter
100%
Australia366Daniel Carter
100%
Ireland87Daniel Carter
100%
Italy53Daniel Carter
100%
England178Daniel Carter
100%
Canada47Daniel Carter
100%
Argentina103Grant Fox
89%
Namibia21Jordie Barrett
89%
Scotland108Andrew Mehrtens
84%
Japan45Simon Culhane
71%
Fiji29Christian Cullen
45%
Romania17Nick Evans
42%
Samoa56Tony Brown
42%
Tonga32Tony Brown
42%
United States14Jon Preston
34%
British and Irish Lions46Allan Hewson
29%
Fiji29Aaron Mauger
21%

Score Distribution

Percentile by Number Answered

Percent of People with Each Score

Your Score History

You have not taken this quiz since the last reset